| 000 | 00637cab a2200229 4500 | ||
|---|---|---|---|
| 001 | WB3426-23 | ||
| 008 | 090401t1998 xxu||||| |||| 00| 0 eng d | ||
| 035 | _a(Sirsi) u87314 | ||
| 041 | _aeng | ||
| 245 | _aWelsh prosperity | ||
| 260 | _c1998 | ||
| 350 | _a0 | ||
| 490 |
_aFinancial Times _v8 July 1998, 10(1) |
||
| 520 | _aGovernment has published a report, "Pathway to Prosperity" which outlines an economic strategy for Wales. | ||
| 650 | _aECONOMIC DEVELOPMENT | ||
| 650 | _aECONOMIC POLICY | ||
| 650 | _aPATHWAY TO PROSPERITY | ||
| 650 | _aWALES | ||
| 690 | _aECONOMIC AND SOCIAL | ||
| 942 | _n0 | ||
| 948 | _c09/07/1998 | ||
| 999 |
_c55069 _d55069 |
||